000 00848nam0a22002651 4500
001 rc\3919271
005 20250611022530.0
021 _aRU
_b[51-39129]
035 _a(NLR Aleph) 008024589
090 _a8782447
_c8782447
100 _a20130415d1951 |||y0rusy50 ca
101 0 _arus
102 _aRU
105 _aa z |||||
200 1 _aТехнология дуговой электросварки в инертной среде
210 _aМосква
_cМашгиз
_d1951
215 _a166 с.
_cил.
_d23
320 _aБиблиогр. в конце глав
606 _aЭлектросварка аргоно-дуговая
_2psbo
700 1 _aБродский
_bА.Я.
_gАркадий Яковлевич
801 0 _aRU
_bNLR
_gpsbo
801 1 _aRU
_bELAR
_2rusmarc
852 _aNLR
_jТ36 Г-5/754
942 _cBOOK
980 _aNB